• 首页
  • 本馆介绍
  • 公告通知
  • 最新文献
  • 馆藏检索
  • 电子资源
  • 读者导购
  • 参考咨询
  • 我的图书馆
  • 登录
  • 详细信息显示
  • 放入我的书架
  • 预约/预借图书
  • 作者相关作品
  • 分类相关作品
  • 丛书相关作品
  • 出版社相关作品

书目信息

  • 表格格式
  • 工作单格式
  • 卡片格式
题名:
书海摆渡人
    
 
作者: 《书海摆渡人》编委会编
分册:  
出版信息: 长沙   湖南人民出版社  2021
页数: 200页
开本: 24cm
丛书名:
单 册:
中图分类: G239.276.4 , G239.2
科图分类:
主题词: 私营经济--书店--研究--湖南
电子资源:
ISBN: 978-7-5561-2700-9
000 00761nam0 2200217 450
001 2355608099
005 20230929152703.01
010    @a978-7-5561-2700-9@dCNY68.00
100    @a20210806d2021 em y0chiy50 ea
101 0  @achi
102    @aCN@b430000
105    @ay z 000yy
200 1  @a书海摆渡人@Ashu hai bai du ren@e湖南民营书业品牌故事选@f《书海摆渡人》编委会编
210    @a长沙@c湖南人民出版社@d2021
215    @a200页@d24cm
330    @a本书遴选了湖南民营书业中40家品牌企业的典型事例,通过讲故事的形式编辑成稿,反映了湖南民营书业发展的艰辛历程、坚守出版事业的文化情怀和富有社会担当的责任意识。
606 0  @a私营经济@x书店@x研究@y湖南
690    @aG239.276.4@v5
690    @aG239.2@v4
801  0 @aCN@b山东中教@c20230928
905    @aBZT@dG239.2@e3
    
    书海摆渡人:湖南民营书业品牌故事选/《书海摆渡人》编委会编.-长沙:湖南人民出版社,2021
    200页;24cm
    
    
    ISBN 978-7-5561-2700-9:CNY68.00
    本书遴选了湖南民营书业中40家品牌企业的典型事例,通过讲故事的形式编辑成稿,反映了湖南民营书业发展的艰辛历程、坚守出版事业的文化情怀和富有社会担当的责任意识。
●
相关链接 在五车中查询图书 在当当中查询图书 在豆瓣中查询图书


正题名:书海摆渡人     索取号:G239.2/3         预约/预借

序号 登录号 条形码 馆藏地/架位号 状态 备注
1 2000974109   2000974109   第四书库/四007架A面6层2列/ [索取号:G239.2/3] 在馆    
2 2000974110   2000974110   第四书库/四007架A面6层2列/ [索取号:G239.2/3] 在馆    
3 2000974111   2000974111   第四书库/四007架A面6层2列/ [索取号:G239.2/3] 在馆    
4 2000974112   2000974112   第四书库/四007架A面6层2列/ [索取号:G239.2/3] 在馆    
5 2000974113   2000974113   第四书库/四007架A面6层2列/ [索取号:G239.2/3] 在馆    
6 2000974114   2000974114   第四书库/四007架A面6层2列/ [索取号:G239.2/3] 在馆    
山东省滨州职业学院图书馆 欢迎您!
大连网信软件有限公司© 版权所有